000 00322nam a2200133Ia 4500
008 240624s9999 xx 000 0 und d
041 _aeng
082 _a823 SHE
100 _aSHELDON SIDNEY
245 _aBEST LAID PLANS
260 _c2011
_aNew Delhi
_bHarper Collins
300 _a343 : p. : cm. ; 18
365 _cRS
_b25
999 _c18437
_d18437